Preventing corruption risk in legislation: (Record no. 506880)

000 -LEADER
fixed length control field 01487nam a2200169Ia 4500
008 - FIXED-LENGTH DATA ELEMENTS--GENERAL INFORMATION
fixed length control field 181130s2018 xx 000 0 und d
100 ## - MAIN ENTRY--PERSONAL NAME
Personal name Kotchegura, Alexander
245 ## - TITLE STATEMENT
Title Preventing corruption risk in legislation:
Remainder of title evidence from Russia, Moldova, and Kazakhstan
260 ## - PUBLICATION, DISTRIBUTION, ETC.
Date of publication, distribution, etc. 2018
300 ## - PHYSICAL DESCRIPTION
Extent p.377-387.
504 ## - BIBLIOGRAPHY, ETC. NOTE
-- Apr
520 ## - SUMMARY, ETC.
Summary, etc. Corruption risk assessment of draft laws and other normative acts is a relatively new instrument in the anti-corruption strategies implemented by developed nations, countries in transition, and the developing world. In connection with this, any practical experience accumulated in this area presents obvious interest. The analysis of such experience may allow to identify what works and what does not work in introducing the practices of anti-corruption screening of draft laws and other normative acts in various environments and settings, as well as contribute to dissemination of best practices in the countries of the region and elsewhere. This article seeks to analyze and demonstrate the extent of practical implementation of corruption risk assessment of draft and enacted legislation in three post-communist countries, the problems encountered and solutions identified. Proceeding from this analysis, certain recommendations for practitioners in this field are formulated. - Reproduced.
650 ## - SUBJECT ADDED ENTRY--TOPICAL TERM
Topical term or geographic name entry element Corruption
650 ## - SUBJECT ADDED ENTRY--TOPICAL TERM
Topical term or geographic name entry element Corruption - Russia
773 ## - HOST ITEM ENTRY
Main entry heading International Journal of Public Administration
906 ## - LOCAL DATA ELEMENT F, LDF (RLIN)
a Corruption
Holdings
Withdrawn status Lost status Damaged status Not for loan Permanent Location Current Location Date acquired Serial Enumeration / chronology Barcode Date last seen Price effective from Koha item type
        Indian Institute of Public Administration Indian Institute of Public Administration 2018-12-07 41(5 and 6), Apr, 2018: p.377-387. AR118675 2018-12-07 2018-12-07 Articles

Powered by Koha